Langues agglutinantes - Mort subite - Statistiques

Statistiques générales
  • Ce quiz a été pris 74 fois
  • Le résultat moyen est 6 sur 15
Answers on the Grid
Answers color-coded by a green-red scale on the quiz's grid according to % correct below.
Coréen
Hongrois
Arménien
Français
Finnois
Ukrainien
Espagnol
Corse
Quechua
Esperanto
Roumain
Tamoul
Japonais
Lituanien
Aléoute
Estonien
Géorgien
Albanais
Grec
Hébreu
Arabe
Basque
Breton
Turc
Portugais
Danois
Pitjantjatjara
Kazakh
Russe
Hindi
 
Statistiques - réponses
Réponse % Correct
Coréen
80%
Hongrois
70%
Estonien
60%
Japonais
60%
Finnois
50%
Kazakh
50%
Turc
50%
Basque
40%
Aléoute
30%
Arménien
30%
Quechua
20%
Tamoul
20%
Esperanto
10%
Géorgien
10%
Pitjantjatjara
10%
Aucun quiz correspondant
Distribution des résultats
% des personnes avec chaque résultat
Percentile par nombre de réponses
Votre historique - résultats
Vous n’avez pas pris ce quiz